[Event "Relampago R-030 corr"]
[Site "CXV corr"]
[Date "2001.07.03"]
[Round "?"]
[White "De Campos Fernandes, Ronaldo"]
[Black "Neto Malvaso, Jose"]
[Result "1/2-1/2"]
[WhiteElo "1533"]
[BlackElo "1556"]
[PlyCount "48"]
[EventDate "2001.??.??"]
[EventType "tourn (corr)"]
[EventRounds "6"]
[EventCountry "BRA"]
[SourceTitle "Corr 2004"]
[Source "ChessBase"]
[SourceDate "2003.04.28"]
[SourceVersion "3"]
[SourceVersionDate "2003.04.28"]
[SourceQuality "1"]

1. e4 e5 2. Nf3 Nc6 3. Bc4 Bc5 4. c3 Nf6 5. 0-0 0-0 6. d4 exd4 7. cxd4 Bb6 8. Bg5 d6 9. d5 Na5 10. Bd3 c5 11. b3 Bg4 12. h3 Bxf3 13. Qxf3 h6 14. Bxf6 Qxf6 15. Qxf6 gxf6 16. Nd2 Kh8 17. Rfe1 Rae8 18. Rac1 Bd8 19. Nc4 Nxc4 20. bxc4 Ba5 21. Re2 b6 22. a3 Rg8 23. h4 Rg7 24. g3 Kg8 1/2-1/2

[Event "Relampago R-028 corr"]
[Site "CXV corr"]
[Date "2001.04.02"]
[Round "?"]
[White "Neto Malvaso, Jose"]
[Black "Rodrigues dos Santos, Alex"]
[Result "0-1"]
[WhiteElo "1569"]
[BlackElo "1546"]
[PlyCount "46"]
[EventDate "2001.??.??"]
[EventType "tourn (corr)"]
[EventRounds "6"]
[EventCountry "BRA"]
[SourceTitle "Corr 2004"]
[Source "ChessBase"]
[SourceDate "2003.04.28"]
[SourceVersion "3"]
[SourceVersionDate "2003.04.28"]
[SourceQuality "1"]

1. e4 c6 2. d4 d5 3. Nc3 dxe4 4. Nxe4 Nd7 5. Nf3 Ngf6 6. Bd3 Nxe4 7. Bxe4 Nf6 8. Bd3 Bg4 9. c3 e6 10. h3 Bh5 11. 0-0 Bd6 12. Qe2 Qc7 13. Bg5 0-0-0 14. Qe3 h6 15. Bxf6 gxf6 16. Rae1 Bf4 17. Qe2 Rhg8 18. Qd1 Rg7 19. Kh1 c5 20. dxc5 f5 21. Rg1 Qc6 22. Ne5 Bxd1 23. Nxc6 Rxd3 0-1

[Event "CXV theme II email"]
[Site "Brazil CXV"]
[Date "2000.12.10"]
[Round "?"]
[White "Neto Malvaso, Jose"]
[Black "Izaias Silva, Jose"]
[Result "1/2-1/2"]
[WhiteElo "1628"]
[BlackElo "1823"]
[PlyCount "76"]
[EventDate "2000.??.??"]
[EventType "tourn (corr)"]
[EventRounds "6"]
[EventCountry "BRA"]
[SourceTitle "Corr 2004"]
[Source "ChessBase"]
[SourceDate "2003.04.28"]
[SourceVersion "3"]
[SourceVersionDate "2003.04.28"]
[SourceQuality "1"]

1. e4 c6 2. d4 d5 3. Nd2 dxe4 4. Nxe4 Nf6 5. Nxf6+ gxf6 6. c3 Qc7 7. Qh5 h6 8. Bc4 e5 9. Ne2 Rg8 10. g3 Bg4 11. Qh4 Rg6 12. h3 Bf3 13. Rh2 Be7 14. g4 Bxe2 15. Kxe2 b5 16. Bd3 e4 17. Bxe4 f5 18. Bxc6+ Nxc6 19. Qg3 Bd6 20. f4 0-0-0 21. Qf3 fxg4 22. hxg4 Rdg8 23. Rg2 f5 24. g5 hxg5 25. fxg5 f4 26. Bd2 Rxg5 27. Rxg5 Rxg5 28. Rf1 Qd7 29. Bxf4 Rf5 30. Qe4 Bxf4 31. Rxf4 Rxf4 32. Qxf4 Kb7 33. Kd3 Qe6 34. a3 Qb3 35. Qf2 a5 36. Qg2 Kb6 37. Qf2 Qd1+ 38. Qd2 Qb1+ 1/2-1/2